000 00491nam a2200133 4500
999 _c8446
_d8446
008 180207b xxu||||| |||| 00| 0 eng d
082 _aDPer 050 Dec 2015-Mar 2016 T48 v186-187
100 _926172
_aVick, Karl.
245 _aAn unstable Saudi Arabia could mean big trouble for the Middles East/
_cKarl Vick.
260 _aNew York:
_bTime Inc.,
_c©Dec 2015-Mar 2016.
300 _av187 n1, pages 5-6:
_billustrations;
_c27 cm.
650 0 _926169
_aTerrorism
_xIslamic.
942 _2ddc
_cPER